| Tag |
First Indicator |
Second Indicator |
Subfields |
| LEADER |
00000cas a2200000 4500 |
| 001 |
in00000050537 |
| 005 |
20151007071906.0 |
| 008 |
750907d19692005enkar 0 a0eng d |
| 010 |
|
|
|a 78643084
|
| 019 |
|
|
|a 8042442
|
| 022 |
|
|
|a 0557-9325
|2 z
|
| 029 |
1 |
|
|a NLGGC
|b 042310369
|
| 035 |
|
|
|a (OCoLC)01606403
|
| 035 |
|
|
|9 AAE6831AM
|
| 035 |
|
|
|a (OCoLC)1606403
|z (OCoLC)8042442
|
| 040 |
|
|
|a MUL
|c MUL
|d DLC
|d AIP
|d OCL
|d NSD
|d NST
|d GUA
|d CLE
|d OCLCQ
|d UMC
|d UtOrBLW
|
| 042 |
|
|
|a lc
|
| 049 |
|
|
|a TXAM
|
| 050 |
0 |
0 |
|a TP890
|b .R54
|
| 090 |
|
|
|a TP890
|b .R4
|
| 210 |
0 |
|
|a Rev. prog. color. relat. top.
|
| 222 |
|
0 |
|a Review of progress in coloration and related topics
|
| 245 |
0 |
0 |
|a Review of progress in coloration and related topics.
|
| 246 |
1 |
|
|i Issues for <2002>- have title:
|a Review of progress in coloration
|
| 264 |
|
1 |
|a [Bradford, England] :
|b Society of Dyers and Colourists.
|
| 300 |
|
|
|a volumes :
|b illustrations ;
|c 31 cm.
|
| 310 |
|
|
|a Annual
|
| 336 |
|
|
|a text
|b txt
|2 rdacontent
|
| 337 |
|
|
|a unmediated
|b n
|2 rdamedia
|
| 338 |
|
|
|a volume
|b nc
|2 rdacarrier
|
| 362 |
0 |
|
|a v. 1- June 1967/Sept. 1969-
|
| 362 |
1 |
|
|a Ceased with v. 35 (2005)?
|
| 510 |
2 |
|
|a Chemical abstracts
|x 0009-2258
|
| 515 |
|
|
|a Vols. for June 1967/Sept. 1969-June 1967/Sept. 1973 cumulative from 1967.
|
| 650 |
|
0 |
|a Dyes and dyeing
|v Periodicals.
|
| 710 |
2 |
|
|a Society of Dyers and Colourists.
|
| 785 |
0 |
4 |
|t Coloration technology
|w (DLC) 2001220079
|w (OCoLC)46615814
|
| 850 |
|
|
|a ArU
|a AzU
|a CaOLU
|a DLC
|a ICRL
|a MnSU
|a NTR
|a OU
|a ULA
|a ViBlbV
|
| 994 |
|
|
|a C0
|b TXA
|
| 999 |
|
|
|a MARS
|
| 999 |
f |
f |
|s 81791d76-166f-33df-88a4-98ad838f5150
|i 59359254-8d26-34ac-9932-539080485565
|t 0
|
| 952 |
f |
f |
|p ric
|a Texas A&M University
|b Rellis Campus
|c Joint Library Facility
|d Remote Storage
|t 0
|e TP890 .R4
|h Library of Congress classification
|i unmediated -- volume
|k v.1
|l 1967/1969
|m A14810771545
|
| 952 |
f |
f |
|p ric
|a Texas A&M University
|b Rellis Campus
|c Joint Library Facility
|d Remote Storage
|t 0
|e TP890 .R4
|h Library of Congress classification
|i unmediated -- volume
|k v.23
|l 1993
|m A14817641220
|
| 952 |
f |
f |
|p ric
|a Texas A&M University
|b Rellis Campus
|c Joint Library Facility
|d Remote Storage
|t 0
|e TP890 .R4
|h Library of Congress classification
|i unmediated -- volume
|k v.6
|l 1975
|m A14816650399
|
| 952 |
f |
f |
|p ric
|a Texas A&M University
|b Rellis Campus
|c Joint Library Facility
|d Remote Storage
|t 0
|e TP890 .R4
|h Library of Congress classification
|i unmediated -- volume
|k v.8
|l 1977
|m A14816650496
|
| 952 |
f |
f |
|p ric
|a Texas A&M University
|b Rellis Campus
|c Joint Library Facility
|d Remote Storage
|t 0
|e TP890 .R4
|h Library of Congress classification
|i unmediated -- volume
|k v.19
|l 1989
|m A14812304289
|
| 952 |
f |
f |
|p ric
|a Texas A&M University
|b Rellis Campus
|c Joint Library Facility
|d Remote Storage
|t 0
|e TP890 .R4
|h Library of Congress classification
|i unmediated -- volume
|k v.26
|l 1996
|m A14820345744
|
| 952 |
f |
f |
|p ric
|a Texas A&M University
|b Rellis Campus
|c Joint Library Facility
|d Remote Storage
|t 0
|e TP890 .R4
|h Library of Congress classification
|i unmediated -- volume
|k v.20
|l 1990
|m A14813469846
|
| 952 |
f |
f |
|p ric
|a Texas A&M University
|b Rellis Campus
|c Joint Library Facility
|d Remote Storage
|t 0
|e TP890 .R4
|h Library of Congress classification
|i unmediated -- volume
|k v.13
|l 1983
|m A14807542440
|
| 952 |
f |
f |
|p ric
|a Texas A&M University
|b Rellis Campus
|c Joint Library Facility
|d Remote Storage
|t 0
|e TP890 .R4
|h Library of Congress classification
|i unmediated -- volume
|k v.34
|l 2004
|m A14830857874
|
| 952 |
f |
f |
|p ric
|a Texas A&M University
|b Rellis Campus
|c Joint Library Facility
|d Remote Storage
|t 0
|e TP890 .R4
|h Library of Congress classification
|i unmediated -- volume
|k v.11
|l 1981
|m A14816650640
|
| 952 |
f |
f |
|p ric
|a Texas A&M University
|b Rellis Campus
|c Joint Library Facility
|d Remote Storage
|t 0
|e TP890 .R4
|h Library of Congress classification
|i unmediated -- volume
|k v.7
|l 1976
|m A14816650446
|
| 952 |
f |
f |
|p ric
|a Texas A&M University
|b Rellis Campus
|c Joint Library Facility
|d Remote Storage
|t 0
|e TP890 .R4
|h Library of Congress classification
|i unmediated -- volume
|k v.14
|l 1984
|m A14808800299
|
| 952 |
f |
f |
|p ric
|a Texas A&M University
|b Rellis Campus
|c Joint Library Facility
|d Remote Storage
|t 0
|e TP890 .R4
|h Library of Congress classification
|i unmediated -- volume
|k v.2
|l 1971
|m A14816650195
|
| 952 |
f |
f |
|p ric
|a Texas A&M University
|b Rellis Campus
|c Joint Library Facility
|d Remote Storage
|t 0
|e TP890 .R4
|h Library of Congress classification
|i unmediated -- volume
|k v.9
|l 1978
|m A14816650543
|
| 952 |
f |
f |
|p ric
|a Texas A&M University
|b Rellis Campus
|c Joint Library Facility
|d Remote Storage
|t 0
|e TP890 .R4
|h Library of Congress classification
|i unmediated -- volume
|k v.3
|l 1972
|m A14816650242
|
| 952 |
f |
f |
|p ric
|a Texas A&M University
|b Rellis Campus
|c Joint Library Facility
|d Remote Storage
|t 0
|e TP890 .R4
|h Library of Congress classification
|i unmediated -- volume
|k v.25
|l 1995
|m A14819469991
|
| 952 |
f |
f |
|p ric
|a Texas A&M University
|b Rellis Campus
|c Joint Library Facility
|d Remote Storage
|t 0
|e TP890 .R4
|h Library of Congress classification
|i unmediated -- volume
|k v.31
|l 2001
|m A14828177674
|
| 952 |
f |
f |
|p ric
|a Texas A&M University
|b Rellis Campus
|c Joint Library Facility
|d Remote Storage
|t 0
|e TP890 .R4
|h Library of Congress classification
|i unmediated -- volume
|k v.24
|l 1994
|m A14818521083
|
| 952 |
f |
f |
|p ric
|a Texas A&M University
|b Rellis Campus
|c Joint Library Facility
|d Remote Storage
|t 0
|e TP890 .R4
|h Library of Congress classification
|i unmediated -- volume
|k v.10
|l 1979
|m A14816650593
|
| 952 |
f |
f |
|p ric
|a Texas A&M University
|b Rellis Campus
|c Joint Library Facility
|d Remote Storage
|t 0
|e TP890 .R4
|h Library of Congress classification
|i unmediated -- volume
|k v.12
|l 1982
|m A14816650690
|
| 952 |
f |
f |
|p ric
|a Texas A&M University
|b Rellis Campus
|c Joint Library Facility
|d Remote Storage
|t 0
|e TP890 .R4
|h Library of Congress classification
|i unmediated -- volume
|k v.35
|l 2005
|m A14831451786
|
| 952 |
f |
f |
|p ric
|a Texas A&M University
|b Rellis Campus
|c Joint Library Facility
|d Remote Storage
|t 0
|e TP890 .R4
|h Library of Congress classification
|i unmediated -- volume
|k v.21
|l 1991
|m A14813728088
|
| 952 |
f |
f |
|p ric
|a Texas A&M University
|b Rellis Campus
|c Joint Library Facility
|d Remote Storage
|t 0
|e TP890 .R4
|h Library of Congress classification
|i unmediated -- volume
|k v.29
|l 1999
|m A14825169355
|
| 952 |
f |
f |
|p ric
|a Texas A&M University
|b Rellis Campus
|c Joint Library Facility
|d Remote Storage
|t 0
|e TP890 .R4
|h Library of Congress classification
|i unmediated -- volume
|k v.32
|l 2002
|m A14828653997
|
| 952 |
f |
f |
|p ric
|a Texas A&M University
|b Rellis Campus
|c Joint Library Facility
|d Remote Storage
|t 0
|e TP890 .R4
|h Library of Congress classification
|i unmediated -- volume
|k v.17
|l 1987
|m A14812596810
|
| 952 |
f |
f |
|p ric
|a Texas A&M University
|b Rellis Campus
|c Joint Library Facility
|d Remote Storage
|t 0
|e TP890 .R4
|h Library of Congress classification
|i unmediated -- volume
|k v.28
|l 1998
|m A14824042835
|
| 952 |
f |
f |
|p ric
|a Texas A&M University
|b Rellis Campus
|c Joint Library Facility
|d Remote Storage
|t 0
|e TP890 .R4
|h Library of Congress classification
|i unmediated -- volume
|k v.16
|l 1986
|m A14809843290
|
| 952 |
f |
f |
|p ric
|a Texas A&M University
|b Rellis Campus
|c Joint Library Facility
|d Remote Storage
|t 0
|e TP890 .R4
|h Library of Congress classification
|i unmediated -- volume
|k v.22
|l 1992
|m A14816551618
|
| 952 |
f |
f |
|p ric
|a Texas A&M University
|b Rellis Campus
|c Joint Library Facility
|d Remote Storage
|t 0
|e TP890 .R4
|h Library of Congress classification
|i unmediated -- volume
|k v.33
|l 2003
|m A14830689409
|
| 952 |
f |
f |
|p ric
|a Texas A&M University
|b Rellis Campus
|c Joint Library Facility
|d Remote Storage
|t 0
|e TP890 .R4
|h Library of Congress classification
|i unmediated -- volume
|k v.4
|l 1973
|m A14816650292
|
| 952 |
f |
f |
|p ric
|a Texas A&M University
|b Rellis Campus
|c Joint Library Facility
|d Remote Storage
|t 0
|e TP890 .R4
|h Library of Congress classification
|i unmediated -- volume
|k v.18
|l 1988
|m A14811295796
|
| 952 |
f |
f |
|p ric
|a Texas A&M University
|b Rellis Campus
|c Joint Library Facility
|d Remote Storage
|t 0
|e TP890 .R4
|h Library of Congress classification
|i unmediated -- volume
|k v.5
|l 1974
|m A14816650349
|
| 952 |
f |
f |
|p ric
|a Texas A&M University
|b Rellis Campus
|c Joint Library Facility
|d Remote Storage
|t 0
|e TP890 .R4
|h Library of Congress classification
|i unmediated -- volume
|k v.30
|l 2000
|m A14827187341
|
| 952 |
f |
f |
|p ric
|a Texas A&M University
|b Rellis Campus
|c Joint Library Facility
|d Remote Storage
|t 0
|e TP890 .R4
|h Library of Congress classification
|i unmediated -- volume
|k v.27
|l 1997
|m A14822456012
|
| 952 |
f |
f |
|p ric
|a Texas A&M University
|b Rellis Campus
|c Joint Library Facility
|d Remote Storage
|t 0
|e TP890 .R4
|h Library of Congress classification
|i unmediated -- volume
|k v.15
|l 1985
|m A14808672727
|
| 998 |
f |
f |
|a TP890 .R4
|s v.1-35 (1967/1969-2005)
|t 0
|l Remote Storage
|